<?xml version="1.0" encoding="UTF-8"?>
<marc:record xmlns:marc="http://www.loc.gov/MARC21/slim">
   <marc:leader>00000nam a2200000 a 4500</marc:leader>
   <marc:datafield ind1="1" ind2=" " tag="100">
      <marc:subfield code="a">Musharbash, Yassin</marc:subfield>
      <marc:subfield code="4">aut</marc:subfield>
      <marc:subfield code="e">Verfasser/-in</marc:subfield>
   </marc:datafield>
   <marc:datafield ind1=" " ind2=" " tag="653">
      <marc:subfield code="a">Thriller</marc:subfield>
   </marc:datafield>
   <marc:datafield ind1=" " ind2=" " tag="653">
      <marc:subfield code="a">Spionage</marc:subfield>
   </marc:datafield>
   <marc:datafield ind1=" " ind2=" " tag="653">
      <marc:subfield code="a">Krimis</marc:subfield>
   </marc:datafield>
   <marc:datafield ind1="0" ind2="0" tag="245">
      <marc:subfield code="a">Radikal</marc:subfield>
   </marc:datafield>
   <marc:datafield ind1="0" ind2="0" tag="245">
      <marc:subfield code="b">Thriller</marc:subfield>
   </marc:datafield>
   <marc:datafield ind1="0" ind2="0" tag="245">
      <marc:subfield code="c">Yassin Musharbash</marc:subfield>
   </marc:datafield>
   <marc:datafield ind1=" " ind2="1" tag="264">
      <marc:subfield code="a">Köln</marc:subfield>
      <marc:subfield code="b">Kiepenheuer &amp; Witsch</marc:subfield>
      <marc:subfield code="c">2012</marc:subfield>
   </marc:datafield>
   <marc:datafield ind1="1" ind2=" " tag="490">
      <marc:subfield code="a">KiWi</marc:subfield>
   </marc:datafield>
   <marc:datafield ind1=" " ind2=" " tag="250">
      <marc:subfield code="a">1. Aufl.</marc:subfield>
   </marc:datafield>
   <marc:datafield ind1="1" ind2=" " tag="520">
      <marc:subfield code="a">Angaben aus der Verlagsmeldung

Radikal : Thriller / von Yassin Musharbash

»Ein verdammt guter Politthriller« Die Welt
Ein Bundestagsabgeordneter im Visier von Fanatikern. Ein Terrorexperte, der im Untergrund recherchiert. Eine zu allem entschlossene palästinensische Studentin. Ein Staatssekretär, der in mysteriösen Politsalons verkehrt. Und eine Bombe, mitten in Berlin.Ein beängstigend realistischer Thriller über eine Gesellschaft im Alarmzustand – und über Radikale in mehr als nur einem Milieu.
»Einen solchen Plot könnte sich auch John le Carré ausgedacht haben.« (FAZ)
»Musharbash ist ein politischer Thriller gelungen, wie es ihn in Deutschland nur selten gibt.« (Deutschlandradio Kultur)
»Ein verdammt guter Politthriller – und nebenbei auch noch eine exzellente Nahaufnahme der deutschen Hauptstadt und ihrer Phänotypen.« (Die Welt)
»Yassin Musharbash ist ein unwahrscheinliches Buch gelungen … Seit den Anschlägen von Oslo muss dieses Buch leider auch noch als ein gespenstisch visionärer Wurf bezeichnet werden.« (Carolin Emcke)
»Selten ein so gelungenes, tagesaktuelles, informatives und ausgesprochen spannendes Buch gelesen. Weltklasse!« (WDR5)
</marc:subfield>
   </marc:datafield>
   <marc:datafield ind1=" " ind2=" " tag="020">
      <marc:subfield code="a">9783462044485</marc:subfield>
      <marc:subfield code="9">9783462044485</marc:subfield>
   </marc:datafield>
   <marc:datafield ind1=" " ind2=" " tag="020">
      <marc:subfield code="a">3462044486</marc:subfield>
      <marc:subfield code="9">3462044486</marc:subfield>
   </marc:datafield>
   <marc:datafield ind1=" " ind2=" " tag="041">
      <marc:subfield code="a">ger</marc:subfield>
   </marc:datafield>
   <marc:datafield ind1=" " ind2=" " tag="300">
      <marc:subfield code="a">397 S.</marc:subfield>
   </marc:datafield>
</marc:record>
